| 000 | 00891nam a2200193 i 4500 | ||
|---|---|---|---|
| 001 | 162728 | ||
| 003 | ES-MaACL | ||
| 005 | 20230906212604.0 | ||
| 008 | 031211s1880 sp |||| | spa d | ||
| 100 | 1 |
_aPulido, Ángel, _d1852-1932 _9149324 |
|
| 245 | 1 | 0 |
_aDe la ovariotomía en España _b: (discurso inaugural) / _cÁngel Pulido. |
| 260 |
_aMadrid : _b[s.n.], _c1880 ( _fImp. Central a cargo de Víctor Saiz) |
||
| 300 |
_a29 p. ; _c26 cm. |
||
| 530 | _aDisponible en formato digital. | ||
| 650 | 4 |
_aOvariectomía. _9149337 |
|
| 852 |
_aES-MaACL _jT-784-F-3 _z- Enc. hol., conservando la enc. original _z- Sello del Dr. Pulido, ejemp. donado al Ateneo de Madrid _z- Enc. en un vol. facticio |
||
| 856 |
_uhttps://bibliotecavirtualmadrid.comunidad.madrid/bvmadrid_publicacion/es/consulta/registro.do?id=2131 _zBiblioteca Digital de la Comunidad de Madrid |
||
| 999 |
_c162728 _d162728 |
||